000
00353 a2200169 4500
001
189724
020
_a
978-85-385-4885-0
040
_c
Magnum
100
_a
Muniz, Flávia
240
1
0
_a
Sabido e danado
_l
por
245
1
0
_a
Sabido e danado
300
_a
32
362
0
_a
2011
440
1
_a
Positivo
697
_a
LITERATURA INFANTIL
942
_c
BK
999
_c
189724
_d
189724